An approach to modern physics / (Record no. 184463)
[ view plain ]
| 000 -LEADER | |
|---|---|
| fixed length control field | 00895 a2200181 4500 |
| 003 - CONTROL NUMBER IDENTIFIER | |
| control field | Nust |
| 005 - DATE AND TIME OF LATEST TRANSACTION | |
| control field | 20241003124305.0 |
| 040 ## - CATALOGING SOURCE | |
| Transcribing agency | Nust |
| 082 ## - DEWEY DECIMAL CLASSIFICATION NUMBER | |
| Classification number | 539,AND |
| 100 ## - MAIN ENTRY--PERSONAL NAME | |
| Personal name | Andrade, E. N. da C. |
| 9 (RLIN) | 103996 |
| 245 ## - TITLE STATEMENT | |
| Title | An approach to modern physics / |
| Statement of responsibility, etc. | E. N. da C. Andrade. |
| 250 ## - EDITION STATEMENT | |
| Edition statement | 3rd Ed |
| 260 ## - PUBLICATION, DISTRIBUTION, ETC. | |
| Place of publication, distribution, etc. | Gloucester, |
| Name of publisher, distributor, etc. | Mass., P. Smith, |
| Date of publication, distribution, etc. | 1969 [c1956] |
| 300 ## - PHYSICAL DESCRIPTION | |
| Extent | 266 p. illus. |
| Other physical details | 22 cm. |
| 505 ## - FORMATTED CONTENTS NOTE | |
| Formatted contents note | What is physics (Page-1), About Heat and Energy (Page-11), About Sound and Vibrations (Page-48), About Light and Radiation (Page-48), About Electricity and Electrified Particles (Page-79), About Solid and Liquids (Page-98), About the Quantum Theory (Page-111), About the Structure of the Atom (Page-135), About The Structure of The Nucleus (Page-156), About Applications of Nuclear Transformation (Page-201). |
| 650 ## - SUBJECT ADDED ENTRY--TOPICAL TERM | |
| Topical term or geographic name entry element | modern physics |
| 9 (RLIN) | 60794 |
| 942 ## - ADDED ENTRY ELEMENTS (KOHA) | |
| Source of classification or shelving scheme | |
| Koha item type | Book |
| Call number prefix | 539,AND |
| Withdrawn status | Lost status | Source of classification or shelving scheme | Damaged status | Not for loan | Permanent Location | Current Location | Shelving location | Date acquired | Full call number | Barcode | Date last seen | Price effective from | Koha item type | Public note |
|---|---|---|---|---|---|---|---|---|---|---|---|---|---|---|
| Military College of Signals (MCS) | Military College of Signals (MCS) | General Stacks | 12/12/2016 | 539,AND | MCS7248 | 12/08/2016 | 12/12/2016 | Book | Almirah No.16, Shelf No.6 |
